| 000 | 01602nam0a2200349 4500 | ||
|---|---|---|---|
| 001 | RU\NLR\BIBL_A\022182092 | ||
| 005 | 20240507113048.0 | ||
| 010 | _a978-5-0050-7910-7 | ||
| 021 |
_aRU _bКН-П-24-010166 _9КН-П-24-1050 |
||
| 035 | _a(NLR Aleph) 022182092 | ||
| 090 |
_a12985280 _c12985280 |
||
| 100 | _a20240328d2023 m y0rusy50 ca | ||
| 101 | 0 | _arus | |
| 102 | _aRU | ||
| 105 | _aac z 000ay | ||
| 181 | 0 |
_ai3 _baxxe |
|
| 182 | 0 | _an | |
| 200 | 1 |
_aПолным ходом, или Морские рассказы 2.0 _fВасилий Морской |
|
| 203 |
_aТекст _bвизуальный _cнепосредственный |
||
| 210 |
_a[Б. м.] _cИздательские решения _d2023 |
||
| 215 |
_a286, [2] с. _cил., портр. _d22 |
||
| 300 | _aНа 4-й с. пер. авт.: Маслов Вавилий Михайлович, канд. техн. наук, псевдоним Василий Морской | ||
| 327 | 1 | _aСодерж.: Полным ходом; Интернациональный долг; Белая радуга; Коломбо - город контрастов; Цунами; Пингвин; Южнокорейский "Боинг"; Дело было в Чажме; Тихое место; Челюскинцы | |
| 333 | _a18+ | ||
| 517 | 1 | _aМорские рассказы 2.0 | |
| 686 | 2 | _aШ6(2=Р)8-440.5 | |
| 700 | 1 |
_7ca _8rus _aМорской _bВ. _f1959- _gВасилий _9251539 _3RU\NLR\AUTH\770251595 |
|
| 942 | _cBOOK | ||
| 980 | _aNB | ||